| 000 | 00704nam a2200253Ia 4500 | ||
|---|---|---|---|
| 003 | OSt | ||
| 005 | 20221007111117.0 | ||
| 006 | a|||||r|||| 00| 0 | ||
| 007 | ta | ||
| 008 | 221006b |||||||| |||| 00| 0 eng d | ||
| 024 | _a22,584 | ||
| 037 | _cTextual | ||
| 040 |
_aLCO _cLCO _beng |
||
| 041 |
_2eng _aeng |
||
| 082 | _aX72:(Z), L4 | ||
| 100 |
_aShukla T.N. _9246186 |
||
| 245 | 0 | _aExemptions and Deductions Under Three Direct Taxes | |
| 260 |
_aCalcutta _bLaw Review Publishers India _c1974 |
||
| 300 | _a352 | ||
| 500 | _aIncome Tax, Wealth Tax and Gift Tax | ||
| 650 |
_aTAX EXEMPTION _9708262 |
||
| 942 |
_hX72:(Z), L4 _cTEXL |
||
| 999 |
_c1192147 _d1192147 |
||